000 00388nam a2200145 a 4500
005 20140412111326.0
008 110128s19uu xx 00 eng d
020 _a0-590-64192-1
050 _aTR(GS 371.7
_bS22 1998
100 _aSpann, Mary Beth
245 _aCollaborative Math Books /
_cMary Beth Spann.
260 _aU.S.A :
_bScholastic,
_c1998.
300 _a47p.
999 _c104663
_d104663